Representational mind /
Kaydedildi:
| Yazar: | |
|---|---|
| Materyal Türü: | Bilinmiyor |
| Dil: | English |
| Baskı/Yayın Bilgisi: |
Bloomington, IN :
Indiana University Press,
1983.
|
| Konular: | |
| Etiketler: |
Etiketle
Etiket eklenmemiş, İlk siz ekleyin!
|
MARC
| LEADER | 000000000a22000000004500 | ||
|---|---|---|---|
| 001 | 014212 | ||
| 020 | |a 0253350050 | ||
| 041 | 0 | |a eng | |
| 082 | 0 | 4 | |a 121.092.4 |b R514r |
| 100 | 1 | |a Aquila, Richard E., |d 1944- | |
| 245 | 1 | 0 | |a Representational mind / |c Richard E. Aquila. |
| 260 | 1 | |a Bloomington, IN : |b Indiana University Press, |c 1983. | |
| 300 | |a 206 páginas ; |c 25 cm. | ||
| 650 | 4 | |a TEORIA DEL CONOCIMIENTO | |
| 650 | 4 | |a SIGLO 18 | |
| 650 | 4 | |a HISTORIA | |
| 500 | |a Colección George Yúdice | ||
| 999 | |c 20107 |d 20107 | ||
| 942 | |c BK |h 121.092.4 R514r |2 z | ||



